000 00656nam a2200205Ii 4500
003 JO-AjNU
008 230605s9999||||xx |||||||||||||| ||und||
017 _a3289
040 _aJO-AjNU
_bara
_erda
_cJO-AjNU
041 _aara
050 1 4 _aS600 1972
100 3 _aالعاني ، خطاب,
_eauthor
_936797
245 0 0 _aجغرافية العراق الزراعية
264 3 1 _aبغداد:المنظمة العربية للدراسات ، 1987
300 _a343ص
336 _atext
_btxt
_2rdacontent
337 _aunmediated
_bn
_2rdamedia
338 _avolume
_bnc
_2rdacarrier
650 4 _aالاراضي الزراعية - العراق
_936798
999 _aA15320
_c18888
_d18888